| 000 | 01270njm a2200289 i 4500 | ||
|---|---|---|---|
| 001 | 5005 | ||
| 003 | ES-MaACL | ||
| 005 | 20250523062550.0 | ||
| 007 | s|r||||||||||| | ||
| 008 | 070907s1983 sp ||| g ||||||||1|nspa d | ||
| 245 | 0 | 0 |
_aHomenaje a Lewis Carroll _h[Grabación sonora] / _cintervienen Agustín García Calvo, Luis Antonio de Villena, Mauro Armiño y Ricardo Cristóbal. |
| 260 |
_aMadrid : _bAteneo de Madrid, _c1983. |
||
| 300 |
_a2 discos (CD-DA) (1 h. 51 min. 15 seg.) ; _c12 cm. |
||
| 500 | _aDatos basados en la invitación. | ||
| 518 | _aActo organizado por la Sección de Literatura del Ateneo de Madrid, grabado en el salón de actos el miércoles, 8 de junio de 1983, a las 18:30 h. | ||
| 600 | 1 | 4 |
_aCarroll, Lewis- _vHomenajes. _935845 |
| 610 | 2 | 4 |
_aAteneo de Madrid- _xActos culturales- _y1983- _vGrabaciones sonoras. _91897 |
| 700 | 1 |
_aGarcía Calvo, Agustín, _d1926-2012 _9233841 |
|
| 700 | 1 |
_aVillena, Luis Antonio de, _d1951- _9240059 |
|
| 700 | 0 |
_aArmiño, Mauro, _d1944- _922987 |
|
| 700 | 1 |
_aCristóbal, Ricardo. _941639 |
|
| 710 | 2 |
_aAteneo de Madrid. _bSección de Literatura. _91997 |
|
| 852 |
_aES-MaACL _jROT 5/6/34 _95122 _cROT |
||
| 852 |
_aES-MaACL _jROT 5/6/35 _9203638 _cROT |
||
| 942 | _2udc | ||
| 999 |
_c5005 _d5005 |
||